000 00690nam a22002297a 4500
003 UA-OsUOA
001 43805
007 ta
008 20070124b un ||||| |||| 00| 0 ukr d
100 _aКуриленко В.С.
700 _aБунятян К.П.
090 _a902
_bК-11
942 _cSA
040 _aUA-OsUOA
_bukr
_cUA-OsUOA
_dUA-OsUOA
245 _aПам'ятки середньодніпровської культури Середнього Подесення
300 _aС.88-95
955 _a0
041 _aukr
080 _a902
773 0 _w43798
_tАрхеологія
_dК.
_d2006
_g4
650 7 _a9 Географія. Біографії. Історія
_2UDC
999 _c329922
_d329922